Statistics Data 1 - Statistics

General Stats
  • This quiz has been taken 10 times
  • The average score is 10 of 16
Answer Stats
Hint Answer % Correct
What is 30*6? 180
83%
What direction does the sun rise in? East
83%
In what country is Rome located? Italy
83%
What genre of music did Louis Armstrong play? Jazz
83%
What is the 15th letter in the alphabet? O
83%
What is the biggest country by size? Russia
83%
How many years are there between leap years? 4
67%
Who was the lead singer of Queen? Freddie Mercury
67%
What is the second element on the periodic table? Helium
67%
A group of what animal is referred to as a pride? Lion
67%
What is another name for the game Billiards? Pool
67%
Which Great Lake directly borders the state of Michigan? Lake Michigan
50%
Which athlete has won the most Olympic medals? Michael Phelps
50%
Who made the first American Flag? Betsy Ross
33%
Who was the 4th President of the USA? James Madison
33%
What is the largest desert in the world? Sahara Desert
33%
No matching quizzes found
Score Distribution
Percent of People with Each Score
Percentile by Number Answered
Your Score History
You have not taken this quiz